000 00365nam a2200145Ia 4500
008 231129s1985||||xx |||||||||||||| ||spa||
020 _a84-7634-066-4
040 _bspa
082 _aI823 M449fi
100 _aMaugham W. Somerset
245 0 _aEl filo de la navaja
260 _c1985
264 _aOrbis
942 _2ddc
_cBKS
999 _c11087
_d11087